000 01079nam a2200277 i 4500
001 bg
100 1 _aZAWADZKI, Jarosław.
245 1 0 _aWykorzystanie metod geostatycznych [!] w badaniach środowiska /
_cJarosław Zawadzki.
246 1 _aWykorzystanie metod geostatystycznych w badaniach środowiska
260 _aWarszawa :
_bOficyna Wydawnicza PW,
_c2005.
300 _a134 s. :
_bil. ;
_c24 cm.
490 1 _aPrace Naukowe. Inżynieria Środowiska / Politechnika Warszawska,
_x1234-4338 ;
_vz. 49
500 _aOpis wg okł. - W nagł. odmienny tyt. serii: Prace Naukowe Politechniki Warszawskiej. - Streszcz. ang.
504 _aBibliogr.
650 9 _aInżynieria środowiska
650 9 _aGleba
_xbadanie
_xmetody
650 9 _aWody podziemne
_xbadanie
_xmetody
650 9 _aLas
_xbadanie
_xmetody
650 9 _aStatystyka
_xmetody
830 0 _aPrace Naukowe - Politechnika Warszawska.
_pInżynieria Środowiska ;
_vz. 49
040 _cBPK
041 0 _apol
_beng
080 _a504.4/.7.054:519.2:528
942 _cKS
008 s pl f |000 0 pol
999 _c46367
_d46367
856 _uhttp://koha.tu.koszalin.pl/cgi-bin/koha/opac-detail.pl?biblionumber=46367
_yKatalog online BPK